000 00261nam a2200109Ia 4500
008 190911s9999||||xx |||||||||||||| ||und||
100 _aCaptain Nazeer-uddin-Khan
245 0 _aKirdar Ki Deemak
260 _aKarachi
_bRoyal Book
_c2007
300 _a92
942 _cBK
999 _c7033
_d7033